| 000 | 00776cam a22002651 4500 | ||
|---|---|---|---|
| 001 | 17666 | ||
| 003 | BD-RjUL | ||
| 005 | 20211209000156.0 | ||
| 008 | 010217s1961 enk 000 0 eng | ||
| 035 | _a(BD-RjUL)17724 | ||
| 035 | _a(OCoLC)2998853 | ||
| 040 |
_aDLC _cNcGU _dOCoLC _dUk _dWU _dDLC _beng |
||
| 041 | _aeng | ||
| 082 |
_a821.914 _bSIR 1961 |
||
| 100 | 1 |
_aSilkin, Jon. _954458 |
|
| 245 | 1 | 4 |
_aThe re-ordering of the stones / _cJOHN SIKIN |
| 246 | 3 | _aReordering of the stones | |
| 260 |
_a[London] : _bChatto and Windus, _c1961. |
||
| 300 |
_a56 p. ; _c23 cm. |
||
| 500 | _aDistributors: [Label on cover] Chester Springs, Pa., Dufour Editions. | ||
| 942 |
_2ddc _cBK |
||
| 999 |
_c17666 _d17666 |
||